|
|
|
|
| LEADER |
00000cam a2200000 a 4500 |
| 001 |
vtls009362744 |
| 003 |
SK-MaSNL |
| 005 |
20260301210941.0 |
| 008 |
230501s1988 xr dal gre 010 0 cze |
| 015 |
|
|
|a SNBA1988
|
| 020 |
|
|
|q (viazané)
|
| 035 |
|
|
|a urn:nbn:sk:snk-am00ihvd
|
| 035 |
|
|
|a C71592B0-4ED9-4D7E-BDC6-AD83A00F45AD
|
| 040 |
|
|
|a SNK
|b slo
|c SNK
|e AACR2
|
| 041 |
1 |
|
|a cze
|h ita
|
| 044 |
|
|
|a xr
|c CZ
|
| 072 |
|
7 |
|a 51
|x Matematika
|2 konspekt
|
| 080 |
|
|
|a 51
|2 2011
|
| 080 |
|
|
|a (031)
|2 2011
|
| 100 |
1 |
|
|a Rossi Dell'Acqua, Alba,
|d 1917-2011
|4 aut
|9 595144
|
| 240 |
1 |
0 |
|a Enciclopedia della matematica
|l Česky
|
| 245 |
1 |
0 |
|a Encyklopedie matematiky
|c Alba Rossiová Dell' Acqua ; [z italského originálu Enciclopedia della matematica ... přeložili a upravili Bohdan Zelinka a Antonín Vrba]
|
| 250 |
|
|
|a 1. vyd.
|
| 260 |
|
|
|a Praha
|b Mladá fronta
|c 1988
|
| 300 |
|
|
|a 280 strán
|b grafy, ilustrácie (niektoré farebné), schémy, tabuľky
|c 21 cm
|
| 366 |
|
|
|e 20000 kusov
|
| 490 |
1 |
|
|a Malé encyklopedie
|v sv. 20
|
| 500 |
|
|
|a Ilustrácie na frontispice. Prehľad symbolov na strane 279
|
| 650 |
0 |
7 |
|a matematika
|2 SNKPH
|9 70174
|
| 655 |
|
7 |
|a encyklopédie
|2 SNKPH
|9 28776
|
| 700 |
1 |
|
|a Zelinka, Bohdan,
|d 1940-2005
|4 trl
|4 adp
|9 116674
|
| 700 |
1 |
|
|a Vrba, Antonín
|4 trl 4 adp
|9 277313
|
| 830 |
|
0 |
|a Malé encyklopedie
|9 284280
|
| 852 |
|
|
|a Slovenská národná knižnica
|
| 954 |
|
|
|a odborná, vedecká literatúra cudzojazyčná (svetová)
|2 lita
|
| 958 |
|
|
|a RK
|
| 958 |
|
|
|a TL
|
| 958 |
|
|
|a OND
|
| 958 |
|
|
|a OP
|
| 999 |
|
|
|c 915366
|d 917296
|
| 952 |
|
|
|a SNK
|b SNK
|y VYP
|7 0
|p 17A0614579
|o snkSC 72581 D1
|i snkKIP 9380/88
|3 rekatalogizácia
|0 0
|1 0
|4 0
|d 2009-03-14
|l 0
|r 2026-02-24 07:57:37
|w 2026-02-24
|
| 952 |
|
|
|a SNK
|b SNK
|y PREZ
|7 0
|p 17A0963518
|o snkSC 72581
|i snkKIP 9379/88
|0 0
|1 0
|4 0
|d 2012-09-21
|f 1
|l 0
|r 2025-07-28 00:00:00
|w 2026-02-24
|